00738nam a22002177a 4500003000900000008004100009040007100050082001800121110005300139245008000192260004200272300002400314505003200338650002100370650001500391650001100406650003000417700002400447700002600471700002300497AR-CdUCM190226b ||||| |||| 00| 0 spa d aMUNICIPALIDAD PROVINCIAL DEL CUSCOcBIBLIOTECA MUNICIPAL DEL CUSCO a869.53 /bC95 aFederación de Empleados Bancarios en el Perú aII Juegos Florales 1987 /cFederación de Empleados Bancarios en el Perú aPerú :bVladimiro del Prado,c1988. a44 paginas ;c25cm. aCuento -- Poesia -- Pintura aCuentos Florales aLiteratura aPerú aNavidad en tierra Honrosa aArana Angulo, Pedro aVargas Chirinos, Luis aCruz Garcia, Percy